000 01226cab a2200337 4500
001 ABS54481
008 090401t1996 xxu||||| |||| 00| 0 eng d
035 _a(Sirsi) u10687
041 _aeng
100 _aRichardson, C.
245 _aWhen the earth moves
260 _c1996
350 _a0
490 _aArchitects` Journal
_v203(7) 22 February 1996, 40-42, 203(8) 29 February
520 _aTwo part article covering the problems and treatments of ground movement. Considers effects of different foundation and soil types, basic checks and in-depth investigations, the range of monitoring instruments available, repair options, insurance concerns and CDM issues.
650 _aCONSTRUCTION (DESIGN AND MANAGEMENT) REGULATIONS 1994
650 _aCRACKS
650 _aEQUIPMENT
650 _aBUILT ENVIRONMENT-BUILDING ELEMENTS-COMPLETE BUILDING ELEMENTS-FOUNDATIONS
650 _aGROUND MOVEMENT
650 _aInsurance
_96249
650 _aMOVEMENT
650 _aSETTLEMENT
650 _aSOIL
650 _aSUBSIDENCE
650 _aUNDERPINNING
690 _aBUILDING AND CONSTRUCTION-DEFECTS AND FAILURES
690 _aBUILT ENVIRONMENT-BUILDING INSPECTION
942 _n0
948 _c04/03/1997
999 _c6780
_d6780